| 000 | 00371nam a22001217a 4500 | ||
|---|---|---|---|
| 082 | _a629.246 PLA'A | ||
| 100 |
_aPLATT, MAURICE _944363 |
||
| 245 | _aAUTOMOBILE BRAKES AND BRAKE TESTING DEALS WITH BRAKING PRINCIPLES AND THE CONSTRUCTION MAINTENANCE AND TESTING OF BRAKING SYSTEMS | ||
| 250 | _a3RD | ||
| 260 |
_aLONDON _bSIR ISAAC _c1961 |
||
| 300 | _a104P | ||
| 942 | _cBK | ||
| 999 |
_c568871 _d568871 |
||